000 00823nam a2200217 a 4500
001 56333
003 BD-RjUL
005 20211209080401.0
008 161128s1967 bg ||||| |||| 00| 0 ben d
035 _a(BD-RjUL)56457
040 _aBD-RjUL
_bben
_cBD-RjUL
041 _aben
082 _223
_a891.442
_bSIH 1967
100 _aসিকদার, সেকেন্দর আলী
_9167617
245 1 0 _aহোসেন শাহ গৌড় সুলতান /
_cসেকেন্দর আলী সিকদার
260 _aবরিশাল :
_bসুলভ পুস্তিকা,
_c১৯৬৭ [১৩৭৪]
300 _a১৭১ পৃ. :
_bচিত্র ;
_c১৮ সেমি.
650 _aবাংলা নাটক
_9167618
650 _aBengali Drama
_9167619
942 _2ddc
_cBK
999 _c56333
_d56333